000
00277nam a2200121Ia 4500
008
190216s9999||||xx |||||||||||||| ||und||
100
_a
Bhakri H K
245
0
_a
Hindi-Falon Aur Sabziyon Se Chikidra
260
_b
Vidya Vihar
300
_a
131
650
_a
Hindi
942
_c
BK
999
_c
16229
_d
16229